000 00879nas a2200277 4500
001 BR2015002746
003 BR-BrBNA
005 20231205125329.0
007 ta
008 230509b bl.|||p| |||| 00| 00por d
040 _aBR-BrBNA
_bpor
_cBiblioteca Nacional de Agricultura
041 _a(En)
072 _aF01
100 1 _aMachado, V.P. de O.
100 1 _aPacheco, A.C.
100 1 _aCarvalho, M.E.A.
245 1 _aEffect of biostimulant application on production and flavonoid content of marigold (calendula officinali L.)
650 _aPLANTA MEDICINAL
650 _aFLAVONOIDE
650 _aREGULADOR DE CRESCIMENTO
650 _aINFLORESCÊNCIA
650 _aMETABOLISMO VEGETAL
773 0 _tRevista Ceres (Brazil)
_xISSN 0034-737X
_g(Nov-Dec 2014), v. 61(6) p. 983-988
_wBR2015002746
909 _a202311
_bLúcia
_c55
_dLúcia Elande
942 _2AGRIS
_n0
_cANA
999 _c243822
_d243822